<?xml version="1.0" encoding="UTF-8"?>
<collection xmlns="http://www.loc.gov/MARC21/slim">
 <record>
  <leader>01525aam a22002178a 4500</leader>
  <controlfield tag="001">NCT_21963</controlfield>
  <controlfield tag="008">160713s2016                  ||||||viesd</controlfield>
  <datafield tag="999" ind1=" " ind2=" ">
   <subfield code="c">1039</subfield>
   <subfield code="d">1039</subfield>
  </datafield>
  <datafield tag="082" ind1="0" ind2="4">
   <subfield code="2">23rd ed.</subfield>
   <subfield code="a">658.83</subfield>
   <subfield code="b">Đ552 </subfield>
  </datafield>
  <datafield tag="100" ind1="1" ind2=" ">
   <subfield code="a">Hoàng Minh Đức </subfield>
  </datafield>
  <datafield tag="245" ind1="1" ind2="0">
   <subfield code="a">101 kỹ xảo marketing =</subfield>
   <subfield code="b">101 marketing teachniques</subfield>
   <subfield code="c">Hoàng Minh Đức </subfield>
  </datafield>
  <datafield tag="260" ind1=" " ind2=" ">
   <subfield code="a">H.</subfield>
   <subfield code="b">Văn hóa Thông tin</subfield>
   <subfield code="c">2011</subfield>
  </datafield>
  <datafield tag="300" ind1=" " ind2=" ">
   <subfield code="a">319tr.</subfield>
   <subfield code="b">21 cm</subfield>
  </datafield>
  <datafield tag="520" ind1="3" ind2=" ">
   <subfield code="a">Cung cấp những kiến thức cho các doanh nghiệp về nghệ thuật marketing trên thương trường như bí quyết để trở thành người marketing giỏi, marketing với thị trường, kỹ xảo marketing đối với khách hàng, chiến lược marketing </subfield>
  </datafield>
  <datafield tag="653" ind1=" " ind2=" ">
   <subfield code="a">Quản trị kinh doanh</subfield>
  </datafield>
  <datafield tag="942" ind1=" " ind2=" ">
   <subfield code="2">ddc</subfield>
   <subfield code="c">BK</subfield>
  </datafield>
  <datafield tag="952" ind1=" " ind2=" ">
   <subfield code="0">0</subfield>
   <subfield code="1">0</subfield>
   <subfield code="2">ddc</subfield>
   <subfield code="4">0</subfield>
   <subfield code="6">658_830000000000000_Đ552</subfield>
   <subfield code="7">0</subfield>
   <subfield code="9">11171</subfield>
   <subfield code="a">000001</subfield>
   <subfield code="b">000001</subfield>
   <subfield code="d">2018-06-16</subfield>
   <subfield code="l">1</subfield>
   <subfield code="o">658.83 Đ552</subfield>
   <subfield code="p">MD.06599</subfield>
   <subfield code="r">2020-12-10</subfield>
   <subfield code="s">2020-11-30</subfield>
   <subfield code="v">65000.00</subfield>
   <subfield code="w">2018-06-16</subfield>
   <subfield code="y">BK</subfield>
  </datafield>
  <datafield tag="952" ind1=" " ind2=" ">
   <subfield code="0">0</subfield>
   <subfield code="1">0</subfield>
   <subfield code="2">ddc</subfield>
   <subfield code="4">0</subfield>
   <subfield code="6">658_830000000000000_Đ552</subfield>
   <subfield code="7">0</subfield>
   <subfield code="9">11172</subfield>
   <subfield code="a">000001</subfield>
   <subfield code="b">000001</subfield>
   <subfield code="d">2018-06-16</subfield>
   <subfield code="o">658.83 Đ552</subfield>
   <subfield code="p">MD.06600</subfield>
   <subfield code="r">2018-06-16</subfield>
   <subfield code="v">65000.00</subfield>
   <subfield code="w">2018-06-16</subfield>
   <subfield code="y">BK</subfield>
  </datafield>
  <datafield tag="952" ind1=" " ind2=" ">
   <subfield code="0">0</subfield>
   <subfield code="1">0</subfield>
   <subfield code="2">ddc</subfield>
   <subfield code="4">0</subfield>
   <subfield code="6">658_830000000000000_Đ552</subfield>
   <subfield code="7">0</subfield>
   <subfield code="9">11173</subfield>
   <subfield code="a">000001</subfield>
   <subfield code="b">000001</subfield>
   <subfield code="d">2018-06-16</subfield>
   <subfield code="l">1</subfield>
   <subfield code="o">658.83 Đ552</subfield>
   <subfield code="p">MD.06708</subfield>
   <subfield code="r">2021-04-13</subfield>
   <subfield code="s">2021-03-30</subfield>
   <subfield code="v">65000.00</subfield>
   <subfield code="w">2018-06-16</subfield>
   <subfield code="y">BK</subfield>
  </datafield>
  <datafield tag="952" ind1=" " ind2=" ">
   <subfield code="0">0</subfield>
   <subfield code="1">0</subfield>
   <subfield code="2">ddc</subfield>
   <subfield code="4">0</subfield>
   <subfield code="6">658_830000000000000_Đ552</subfield>
   <subfield code="7">0</subfield>
   <subfield code="9">11174</subfield>
   <subfield code="a">000001</subfield>
   <subfield code="b">000001</subfield>
   <subfield code="d">2018-06-16</subfield>
   <subfield code="o">658.83 Đ552</subfield>
   <subfield code="p">MD.06710</subfield>
   <subfield code="r">2018-06-16</subfield>
   <subfield code="v">65000.00</subfield>
   <subfield code="w">2018-06-16</subfield>
   <subfield code="y">BK</subfield>
  </datafield>
  <datafield tag="980" ind1=" " ind2=" ">
   <subfield code="a">Thư viện Trường Đại học Nam Cần Thơ</subfield>
  </datafield>
 </record>
</collection>
